[Event "2nd Silman TNM: 2000+"]
[Site "San Francisco"]
[Date "2025.06.17"]
[Round "7.4"]
[White "Shrauger, Alex Hayden"]
[Black "Heiserman, Jimmy"]
[Result "0-1"]
[Annotator "TA"]
[WhiteElo "2206"]
[BlackElo "2306"]
[WhiteFideId "-1"]
[WhiteFideId "-1"]
[PlyCount "102"]
[GameId "2190369999719550"]
[EventDate "2025.??.??"]

{[%evp 14,102,4,2,6,9,5,13,29,0,2,7,2,19,14,2,61,66,94,83,89,0,0,-192,-166,-204,-192,-248,-229,-261,-261,-235,-245,-248,-230,-339,-323,-344,-333,-324,-274,-341,-347,-334,-340,-403,-395,-451,-453,-480,-477,-505,-497,-522,-516,-546,-541,-575,-570,-565,-564,-564,-562,-557,-555,-546,-488,-489,-481,-474,-467,-452,-411,-472,-464,-453,-447,-1003,-849,-29964,-29960,-29965,-29968,-29963,-8233,-1513,-1196,-29968,-29971,-29978,-29982]} 1. e4 {[%emt 0:00:01]} e6 {[%emt 0:00:06]} 2. d4 {[%emt 0:00:03]} d5 {[%emt 0:00:04]} 3. e5 {[%emt 0:00:01]} c5 {[%emt 0:00:06]} 4. c3 {[%emt 0:00:01]} Nc6 {[%emt 0:00:06]} 5. Nf3 {[%emt 0:00:02]} Qb6 {[%emt 0:00:05]} 6. Be2 {[%emt 0:00:02]} cxd4 {[%emt 0:00:27]} 7. cxd4 {[%emt 0:00:03]} Nh6 {[%emt 0:00:07]} 8. Bxh6 {[%emt 0:00:02]} Qxb2 {[%emt 0:00:07] [#] C02: French: Advance Variation.} 9. Nbd2 $1 {[%emt 0:00:02]} gxh6 {[%emt 0:00:07]} 10. O-O {[%emt 0:00:02]} Bd7 {[%emt 0:01:17][%cal Ob7b6] The position is equal.} 11. Rb1 {[%emt 0:02:05] White sacrificed a pawn} Qxa2 {[%emt 0:00:05]} 12. Rxb7 {[%emt 0:00:02]} (12. Ra1 $5 Qb2 $8 13. Rb1 $14) 12... Rb8 {[%emt 0:00:31]} 13. Rxb8+ {[%emt 0:00:03] A sharp opening} Nxb8 {[%emt 0:00:04]} 14. Nb3 {[%emt 0:00:05]} Be7 {[%emt 0:24:25]} (14... Ba4 $11 15. Qc1 Nc6) 15. Qd3 $14 {[%emt 0:16:12][%mdl 1024] White has compensation.} O-O $146 {[%emt 0:16:57]} (15... Nc6 16. Ra1 Qb2 17. Rb1 Qa3 18. Qd2 a5 19. h4 a4 20. Nc1 Kd8 21. Rb7 Bc8 {1-0 (34) Adams,M (2666)-Janzelj,T (2453) Dortmund 2023}) 16. Ra1 {[%emt 0:06:44]} Qb2 {[%emt 0:00:08] [#]} 17. Bd1 {[%emt 0:00:05]} (17. Rxa7 Rc8 18. Rb7 Qa3 $11) (17. Rb1 $1 $16 {[%cal Rb1b2]} Qa3 18. Ra1) 17... Rc8 $1 $11 {[%emt 0:05:43]} 18. Rb1 $2 {[%emt 0:15:07] [#] Black converts the advantage convincingly.} (18. Nfd2 $1 $11 {and White has nothing to worry.}) 18... Rc3 $1 $19 {[%emt 0:01:04]} 19. Rxb2 {[%emt 0:11:03]} (19. Qf5 exf5 20. Rxb2) 19... Rxd3 {[%emt 0:00:05]} 20. Nbd2 {[%emt 0:00:25]} (20. Nfd2 {might work better.} Bb4 21. Be2) 20... Nc6 {[%emt 0:00:34]} 21. Rb7 {[%emt 0:02:16]} Be8 {[%emt 0:00:59][%cal Oe7g5] Strongly threatening ...Bg5!.} 22. Ba4 {[%emt 0:05:35]} Bg5 {[%emt 0:04:28]} (22... Nxd4 23. Rb8 $14 (23. Bxe8 Nxf3+ 24. gxf3 Kf8 $17)) 23. Nf1 {[%emt 0:04:38]} Ra3 {[%emt 0:04:03]} 24. Bb5 {[%emt 0:03:05]} (24. Bxc6 $142 Bxc6 25. Rb8+ Kg7 26. h3) 24... Nd8 {[%emt 0:06:19]} 25. Rb8 {[%emt 0:01:00]} Bxb5 {[%emt 0:00:04]} 26. Rxb5 {[%emt 0:00:03]} Nc6 {[%emt 0:00:29]} 27. Rc5 {[%emt 0:00:33]} Ra6 {[%emt 0:00:13]} 28. h4 {[%emt 0:00:25]} Be7 {[%emt 0:00:11]} 29. Rc3 {[%emt 0:00:11]} Rb6 {[%emt 0:00:23]} 30. Ng3 {[%emt 0:00:17]} a5 {[%emt 0:00:25]} 31. Nh5 {[%emt 0:00:29]} a4 {[%emt 0:05:10]} 32. Nf6+ {[%emt 0:00:32]} Kg7 {[%emt 0:00:17]} 33. Nh5+ {[%emt 0:00:06]} Kf8 {[%emt 0:00:25]} 34. Nf6 {[%emt 0:00:11] Strongly threatening Nd7+.} Ra6 {[%emt 0:00:46]} 35. Ne1 {[%emt 0:01:08]} a3 {[%emt 0:01:59]} (35... Nxd4 36. Rc8+ (36. Nxh7+ $2 {is the wrong capture.} Kg7 $19)) 36. Nc2 {[%emt 0:00:06]} a2 {[%emt 0:00:19]} 37. Na1 {[%emt 0:00:03]} Bxf6 {[%emt 0:01:11]} (37... Nxd4 38. Rc8+) 38. exf6 {[%emt 0:00:04][%mdl 4096] Endgame KRN-KRN. Black is a pawn up.} Ke8 {[%emt 0:00:09]} ({Stronger than} 38... Nxd4 39. Rc8#) 39. Rb3 {[%emt 0:00:10]} Nxd4 {[%emt 0:04:13]} 40. Rb8+ {[%emt 0:00:04]} Kd7 {[%emt 0:00:06]} 41. Rb7+ {[%emt 0:00:03]} Kd6 {[%emt 0:04:06]} 42. Rxf7 {[%emt 0:00:07]} Ra8 {[%emt 0:05:47]} 43. Rxh7 {[%emt 0:00:48]} Ke5 {[%emt 0:07:00]} 44. Rxh6 {[%emt 0:02:40]} Nf5 {[%emt 0:00:58][%mdl 64] Deflection} 45. Rh5 {[%emt 0:02:53]} (45. Rh7 $142 Kxf6 46. Kh2) 45... Kxf6 {[%emt 0:00:15]} 46. g4 {[%emt 0:00:01]} Nd4 {[%emt 0:01:11]} 47. Rh7 {[%emt 0:04:12]} Rb8 {[%emt 0:00:05]} 48. Ra7 {[%emt 0:00:47]} Rb1+ {[%emt 0:00:07]} 49. Kg2 {[%emt 0:00:02]} Rxa1 {[%emt 0:00:22]} 50. f4 {[%emt 0:00:06]} Ne2 {[%emt 0:02:04]} 51. f5 {[%emt 0:00:14]} Rg1+ {[%emt 0:00:27] Weighted Error Value: White=0.59/Black=0.06 (flawless)} 0-1

[Event "2nd Silman TNM: 2000+"]
[Site "San Francisco"]
[Date "2025.06.17"]
[Round "7.8"]
[White "Diller, Bradley R"]
[Black "Parsons, Stephen"]
[Result "1/2-1/2"]
[Annotator "Diller,Brad"]
[WhiteElo "2070"]
[BlackElo "1840"]
[WhiteFideId "-1"]
[WhiteFideId "-1"]
[PlyCount "79"]
[GameId "2190906603426976"]
[EventDate "2025.??.??"]

1. c4 Nf6 2. g3 c5 3. Bg2 Nc6 4. Nc3 g6 5. Nf3 Bg7 6. d4 cxd4 7. Nxd4 O-O 8. O-O a6 9. e3 $6 ({I missed the thematic c5 gaining space and preventing d6 or b6 to liberate Black's light squared bishop.} 9. c5 $16) 9... Qa5 10. Bd2 Qc7 (10... Qc5 $2 11. Na4 Qxc4 12. Nb6) 11. b3 $6 ({11 b3 was unnecessary and critical waste of tempo. I strongly considered Rc1 but failed to see that Black is crushed after 15 Qc2 if Black attempts to capture the pawn on c4.} 11. Rc1 $142 Nxd4 12. exd4 Qxc4 13. Nd5 Qxd4 14. Nxe7+ Kh8 15. Qc2 d5 $16 {Either 16 b3 or winning 2 rooks for the queen with 16 Nxc8 both guarantee whiite a significant advantage.}) 11... d6 12. Rc1 ({The prophylatic 12 h3 was better preventing the annoying Bg4.} 12. h3 $142 $14) 12... Bg4 13. f3 $2 ({In hindsight 13 f3 was a mistake in weakening the king side and obstructing White's beautiful light-squared bishop. Simply 13 Qc2 which I strongly considered preserves a slight advantage and the harassment by the Black's light squared bishop was negligible.} 13. Qc2 $142 Nxd4 14. exd4 Bf5 15. Qd1 Bg4 16. Qe1 $14) 13... Bd7 14. Nxc6 Bxc6 15. e4 Qb6+ 16. Kh1 Rfd8 17. Nd5 ({The slight space advantage I gained after the 17 Nd5 proved to be negligible. Consolidating my position by 17 Qe2 was better and gave me a slight advantage.} 17. Qe2 $142 $14) 17... Nxd5 18. exd5 Bd7 19. Re1 Re8 20. Bg5 e5 21. dxe6 Rxe6 22. Rxe6 Bxe6 23. Qd2 Re8 24. Be3 Qc7 25. f4 (25. Rd1) 25... Bf5 26. Bd4 $5 {I liked this idea of sacrificing my a-pawn to gain control of e file, but, in retropsect, this sacrifice put me at risk with the rook on the 7th. 26 Bf2 was more prudent but boring.} (26. Bf2 $142 $11) 26... Bxd4 27. Qxd4 Re2 28. Bf3 Rxa2 29. Re1 Be6 30. Rd1 $2 ({I knew 30 Rd1 was possibly losing after 30 ... b5 and should have given more consideration to 30 Qf6 with the idea of sacrificing the exchange on e6 with strong compensation, for example...} 30. Qf6 $142 Rf2 31. Rxe6 fxe6 32. Qxe6+ Kg7 33. Qe3 $11) 30... Qa5 $2 ({Black missed b5 which wins a pawn straight out with a winning endgame.} 30... b5 $142 $1) 31. Qxd6 Rf2 32. Bg2 Qa2 33. Qd8+ Kg7 34. Qd4+ Kh6 35. Bxb7 Rxh2+ 36. Kg1 Bh3 ({Stephen proposed this move threatening the g3 pawn and Qh2+, but again I have the elegant 37 f5 resource which equalizes. Other moves that we considered during analysis like Qf2 lose pretty easily.} 36... Rh3 37. f5 (37. Qf2 $4 Qxb3 38. Bf3 Bg4 39. Kg2 Bxf3+ 40. Qxf3 Rh2+ $19) 37... Qh2+ 38. Kf1 Bxf5 39. Qf4+ $11) 37. f5 $1 Bxf5 $2 ({White should have taken the perpetual with 37 ... Rg2 because the move was played actually loses.} 37... Rg2+ $142 $11) 38. g4 $1 Bxg4 39. Qf4+ Kg7 40. Qe5+ $2 {Here I offered a draw seeing that I have at least a perpetual after my earlier mistake of 30 Rd1. Neither Stephen or I saw that I had a win with the simple 40 Rf1. I was still steeped in the miasma of a potential loss earlier. We should all strive to see each position fresh unburdened by the past, but we are all too human.} (40. Rf1 Rh3 41. Bg2 $1 Rd3 42. Qxg4 Qxb3 43. c5 Qc3 44. c6 $18 {The c pawn is unstoppable.}) 1/2-1/2

[Event "2nd Silman TNM: 2000+"]
[Site "San Francisco"]
[Date "2025.06.17"]
[Round "7.9"]
[White "Liou, Arthur"]
[Black "Rajaram, Raghu"]
[Result "1-0"]
[Annotator "Winslow,Elliott"]
[WhiteElo "2030"]
[BlackElo "1848"]
[WhiteFideId "-1"]
[WhiteFideId "-1"]
[PlyCount "43"]
[GameId "2190369999719553"]
[EventDate "2025.??.??"]

1. e4 c5 2. Nf3 e6 3. c4 a6 4. Nc3 d6 5. Be2 Nc6 6. d4 cxd4 7. Nxd4 Qc7 8. Be3 Nf6 9. Rc1 Be7 10. O-O O-O 11. f3 Rb8 {[#]} 12. Nd5 Qd8 13. Nxe7+ Qxe7 14. Nb3 b6 15. Qd2 Rd8 16. Rfd1 Qc7 17. Nd4 Bb7 {[#]} 18. Nb5 axb5 19. cxb5 d5 20. bxc6 Ba8 21. Bf4 e5 {[#]} 22. Bxe5 1-0

[Event "2nd Silman TNM: 2000+"]
[Site "San Francisco"]
[Date "2025.06.17"]
[Round "7.10"]
[White "Viadiu-Ilarraza, Hector"]
[Black "Cawthon, Jeremy David"]
[Result "1/2-1/2"]
[Annotator "Winslow,Elliott"]
[WhiteElo "1937"]
[BlackElo "2009"]
[WhiteFideId "-1"]
[WhiteFideId "-1"]
[PlyCount "98"]
[GameId "2190369999719554"]
[EventDate "2025.??.??"]

1. e4 c6 2. d4 d5 3. exd5 cxd5 4. Bd3 Nc6 5. c3 Qc7 6. Ne2 Bg4 7. O-O Nf6 8. Bf4 {[#]} Qxf4 9. Nxf4 Bxd1 10. Rxd1 e6 11. Bb5 a6 12. Bxc6+ bxc6 13. Nd2 Bd6 14. Nd3 Ke7 15. b4 a5 16. a3 Ra7 17. Nb3 Bc7 18. Ne5 Bxe5 19. dxe5 Nd7 20. Nxa5 Rc8 21. f4 Ra6 22. c4 Rca8 23. c5 {[#]} Rxa5 24. bxa5 Rxa5 25. Rdc1 Nxc5 26. Rc3 f6 27. Rac1 Nd7 28. exf6+ gxf6 29. Rxc6 Rxa3 30. Re1 e5 31. fxe5 fxe5 32. Rh6 e4 33. Rxh7+ Ke6 $6 (33... Kd6 $16) 34. Rc1 e3 $6 (34... Kd6 35. Rh6+ $1 Ke5 36. g4 $1 $18) 35. Kf1 d4 $2 (35... Nf6 36. Rc6+ Ke5 37. Re7+ Kd4 38. Rc1 $1 Ne4 $1 39. Rd1+ Kc5 $14) 36. Rc6+ Kd5 {[#]} 37. Rxd7+ $1 $18 {(The only move!)} Kxc6 38. Rxd4 Kc5 {[#]} 39. Rd8 $2 (39. Rg4 $1 $18) 39... Ra1+ 40. Ke2 Ra2+ 41. Kxe3 Rxg2 $11 42. h4 Rh2 43. Rh8 Kd5 44. Kf4 Ke6 45. Kg5 Kf7 46. Rh7+ Kg8 47. Ra7 Rb2 48. Ra5 Rb6 49. h5 Kh7 1/2-1/2

[Event "2nd Silman TNM: 2000+"]
[Site "San Francisco"]
[Date "2025.06.17"]
[Round "7.11"]
[White "Winslow, Elliott"]
[Black "Smith, Roger Christopher"]
[Result "1-0"]
[Annotator "Winslow,Elliott"]
[WhiteElo "2200"]
[BlackElo "1826"]
[WhiteFideId "-1"]
[WhiteFideId "-1"]
[PlyCount "109"]
[GameId "2190361649662035"]
[EventDate "2025.??.??"]

1. d4 d5 2. c4 c6 3. Nf3 Nf6 4. Nc3 e6 5. Bg5 Be7 6. e3 O-O 7. Bd3 Nbd7 8. O-O dxc4 9. Bxc4 c5 10. Qe2 cxd4 11. exd4 Nb6 12. Bd3 Nbd5 13. Rad1 h6 14. Bd2 Nxc3 15. bxc3 b6 16. Ne5 Bb7 {[#]} 17. f4 $5 (17. Qe3 $142 {(SF17.1)}) 17... Qd5 $6 18. Be3 $6 (18. f5 $1) (18. Rde1 $1) 18... Qa5 19. c4 Rfd8 20. f5 $18 {Good enough.} (20. g4 $1 {(SF17.1) -- I looked at this but just couldn't bring myself to play it.}) 20... exf5 21. Rxf5 Qa3 {[#]} 22. d5 $6 ({The simple prophylactic} 22. Kh1 $1 {gets the comp nod.}) 22... Bc8 $1 $16 23. Rf3 Bd6 $2 (23... Bc5 $1 24. Kh1 (24. h3) 24... Re8 25. h3 $1 Rxe5 26. Bxc5 $1 $16) 24. Rxf6 $5 (24. Bd4 Bxe5 25. Bh7+ $1 Nxh7 26. Rxa3 Bxd4+ 27. Rxd4 $18) 24... Bxe5 {[#]} (24... gxf6 25. Qh5 $1 Bxe5 26. Qxh6 f5 27. Qg5+) 25. Rf2 $2 (25. Rxf7 $1 {I saw this this just after I moved.} Kxf7 26. Qh5+ Kg8 (26... Kf6 27. Rf1+) 27. Qxe5 $18) 25... Qd6 $1 $16 26. Qh5 Rf8 27. Rdf1 {[#]} Qe7 $2 {[#]} (27... f5 $1 28. Kh1 $1 Bd7 29. Bxf5 Rxf5 $1 30. Rxf5 g6 31. Qg4 $1 $16) 28. Rf3 $6 (28. Kh1 $142) ({Another miss:} 28. c5 $3 f5 (28... bxc5 $2 29. Rxf7 Rxf7 30. Rxf7 Qxf7 31. Bh7+ Kxh7 (31... Kf8 32. Bxc5+ Ke8 33. Bg6 Qxg6 34. Qxg6+ Kd8 35. Qf7 Bf6 36. Qf8+ Kd7 37. Qd6+ Ke8 38. Qc6+ {[%cal Gc6a8]})) 29. c6 {Those pawns are overwhelming.}) 28... f5 $1 {[#]} 29. g4 $1 $16 {Out on a limb? Yes. Stockfish makes it best.} Bd7 $6 30. gxf5 $1 $18 Rf6 31. Kh1 $6 (31. Bf2 $1 $18) 31... Raf8 (31... Qa3 $1 32. Bc1 Qd6) 32. h4 $2 (32. Rg1 $1 $16) 32... Qa3 $1 $11 33. Bg5 $1 Be8 $6 (33... Qxa2 34. R3f2 Qa3 35. Bxf6 Bxf6 $1 $11) 34. Qg4 $14 Qxa2 35. R1f2 $6 (35. Rh3 $1 $16) 35... Qa1+ 36. Rf1 Qb2 37. R3f2 $6 Qd4 38. Qxd4 Bxd4 $14 39. Bxf6 Bxf2 40. Be7 $6 (40. Rxf2 $1 Rxf6 41. Kg2 $14) 40... Rf7 41. d6 $6 $11 {[#]} (41. f6 $5 gxf6 $1 (41... Bxh4 $4 42. Bg6 $18) 42. Bb4 Bc5 43. Bxc5 bxc5 44. Ra1 $14) 41... Bc6+ (41... Rxe7 $5 42. dxe7 Bxh4 $1 43. Ra1 Bxe7 44. Rxa7 Bc6+ $11 (44... Kf7 $11)) 42. Kh2 Rxe7 $4 (42... Bc5 $1 43. Re1 Rxe7 $1 44. dxe7 Kf7 45. Be4 Bd7 46. Bd5+ Ke8 $11) 43. dxe7 $18 Bxh4 44. Be4 $8 Be8 (44... Bd7 45. Bd5+ (45. Rd1 $5 Be8 46. Bd5+ Kh7 47. Kh3) 45... Kh7 46. Rd1 Bxe7 47. Be4) 45. Bd5+ Kh7 46. Kg2 $18 (46. Kh3 $1) (46. c5 $1) 46... Bf6 47. Re1 g6 48. Re6 Kg7 49. Bc6 Bxc6+ (49... Bf7 50. e8=Q) 50. Rxc6 Bxe7 51. Rxg6+ (51. Rc7 $1 Kf8 52. fxg6) 51... Kh7 (51... Kf7 52. Rxh6) 52. Kf3 Bc5 (52... h5 53. Kf4) 53. Kg4 Be3 54. Kh5 a5 55. f6 1-0

[Event "2nd Silman TNM: 2000+"]
[Site "San Francisco"]
[Date "2025.06.17"]
[Round "7.14"]
[White "Lewis, Edward"]
[Black "Mercado, Adam"]
[Result "1-0"]
[WhiteElo "1950"]
[BlackElo "1958"]
[WhiteFideId "-1"]
[WhiteFideId "-1"]
[PlyCount "95"]
[GameId "2190369999719556"]
[EventDate "2025.??.??"]

1. Nf3 d5 2. e3 Nf6 3. c4 c6 4. b3 Bf5 5. Be2 e6 6. O-O Bd6 7. d4 Nbd7 8. Bb2 O-O 9. Nbd2 Re8 10. Ne5 Rc8 11. Ndf3 h6 12. c5 Bb8 13. b4 Nxe5 14. dxe5 Ne4 15. h3 Ng5 16. Nd4 Bxe5 17. f4 Bxd4 18. Qxd4 e5 19. fxe5 Be4 20. Bg4 Ne6 21. Qd2 Qg5 22. Qf2 Rc7 23. Rad1 Rce7 24. Bf3 Qg6 25. h4 Qf5 26. g4 Qxf3 27. Qxf3 Bxf3 28. Rxf3 Nf8 29. h5 Nh7 30. Bd4 Ng5 31. Rf5 Ne4 32. Kh2 Re6 33. a4 Ng5 34. Rf2 R8e7 35. b5 Ne4 36. Rb2 f6 37. exf6 Nxf6 38. Rg1 Re4 39. Kh3 Nh7 40. bxc6 Ng5+ 41. Kg3 bxc6 42. Rb8+ Kh7 43. Rc8 R4e6 44. Rb1 Rf7 45. Rbb8 Rxe3+ 46. Bxe3 Ne4+ 47. Kg2 g5 48. Bd4 1-0

[Event "2nd Silman TNM: 1600-1999"]
[Site "San Francisco"]
[Date "2025.06.17"]
[Round "7.5"]
[White "Marvin, Hayes Alexander"]
[Black "Admassu, Yonathan"]
[Result "0-1"]
[WhiteElo "1919"]
[BlackElo "1661"]
[WhiteFideId "-1"]
[WhiteFideId "-1"]
[PlyCount "104"]
[GameId "2190369999719557"]
[EventDate "2025.??.??"]

1. d4 {[%emt 0:00:01]} Nf6 {[%emt 0:00:21]} 2. Nf3 {[%emt 0:00:04]} g6 {[%emt 0:00:23]} 3. c3 {[%emt 0:00:04]} Bg7 {[%emt 0:00:15]} 4. Bg5 {[%emt 0:00:06]} O-O {[%emt 0:00:17]} 5. Nbd2 {[%emt 0:00:21]} d6 {[%emt 0:00:20]} 6. e4 {[%emt 0:00:06]} c5 {[%emt 0:00:10]} 7. dxc5 {[%emt 0:00:09]} dxc5 {[%emt 0:02:49]} 8. Bc4 {[%emt 0:00:10]} Nc6 {[%emt 0:00:58]} 9. O-O {[%emt 0:01:00]} h6 {[%emt 0:01:15]} 10. Bxf6 {[%emt 0:00:33]} exf6 {[%emt 0:03:09]} 11. h3 {[%emt 0:01:17]} Qe7 {[%emt 0:06:58]} 12. Qc2 {[%emt 0:03:37]} Kh8 {[%emt 0:14:30]} 13. Rfe1 {[%emt 0:01:20]} Nd8 {[%emt 0:04:28]} 14. Nf1 {[%emt 0:01:36]} Ne6 {[%emt 0:02:08]} 15. Ne3 {[%emt 0:02:15]} Nf4 {[%emt 0:04:09]} 16. Nd5 {[%emt 0:00:52]} Nxd5 {[%emt 0:04:58]} 17. Bxd5 {[%emt 0:00:19]} Qc7 {[%emt 0:02:33]} 18. Rad1 {[%emt 0:01:26]} Bd7 {[%emt 0:01:21]} 19. Nd2 {[%emt 0:02:50]} Rae8 {[%emt 0:05:51]} 20. Nc4 {[%emt 0:02:50]} f5 {[%emt 0:05:56]} 21. e5 {[%emt 0:03:25]} Bxe5 {[%emt 0:01:43]} 22. Nxe5 {[%emt 0:00:27]} Rxe5 {[%emt 0:00:22]} 23. Rxe5 {[%emt 0:00:17]} Qxe5 {[%emt 0:00:40]} 24. Bxb7 {[%emt 0:00:43]} Qc7 {[%emt 0:03:38]} 25. Bd5 {[%emt 0:03:03]} Be6 {[%emt 0:01:32]} 26. Bxe6 {[%emt 0:01:16]} fxe6 {[%emt 0:00:20]} 27. Qd2 {[%emt 0:01:00]} Kg7 {[%emt 0:05:03]} 28. Qd7+ {[%emt 0:01:07]} Qxd7 {[%emt 0:02:55]} 29. Rxd7+ {[%emt 0:00:08]} Rf7 {[%emt 0:01:03]} 30. Rd6 {[%emt 0:00:25]} Kf6 {[%emt 0:00:20]} 31. Rc6 {[%emt 0:00:13]} Rd7 {[%emt 0:00:09]} 32. Rxc5 {[%emt 0:00:27]} Rd1+ {[%emt 0:00:13]} 33. Kh2 {[%emt 0:00:04]} Rd2 {[%emt 0:00:25]} 34. Rb5 {[%emt 0:01:43]} Rxf2 {[%emt 0:00:28]} 35. a4 {[%emt 0:00:50]} e5 {[%emt 0:01:28]} 36. b4 {[%emt 0:00:28]} e4 {[%emt 0:00:25]} 37. Ra5 {[%emt 0:00:31]} e3 {[%emt 0:06:30]} 38. Kg1 {[%emt 0:00:22]} Rf4 {[%emt 0:08:41]} 39. Ra6+ {[%emt 0:00:20]} Ke5 {[%emt 0:00:44]} 40. Rxa7 {[%emt 0:00:09]} Ke4 {[%emt 0:00:11]} 41. g3 {[%emt 0:02:27]} Rf2 {[%emt 0:02:33]} 42. Re7+ {[%emt 0:02:47]} Kf3 {[%emt 0:00:16]} 43. a5 {[%emt 0:01:39]} e2 {[%emt 0:07:47]} 44. a6 {[%emt 0:00:35]} Rf1+ {[%emt 0:00:36]} 45. Kh2 {[%emt 0:00:05]} e1=Q {[%emt 0:00:33]} 46. Rxe1 {[%emt 0:00:08]} Rxe1 {[%emt 0:00:07]} 47. b5 {[%emt 0:00:06]} Ra1 {[%emt 0:01:12]} 48. c4 {[%emt 0:00:12]} Ke4 {[%emt 0:00:34]} 49. c5 {[%emt 0:00:11]} Kd5 {[%emt 0:00:08]} 50. b6 {[%emt 0:00:15]} Ra2+ {[%emt 0:00:34]} 51. Kg1 {[%emt 0:00:05]} Kc6 {[%emt 0:00:29]} 52. a7 {[%emt 0:00:16]} Kb7 {[%emt 0:00:15]} 0-1

[Event "2nd Silman TNM: 1600-1999"]
[Site "San Francisco"]
[Date "2025.06.17"]
[Round "7.16"]
[White "Ploquin, Phil"]
[Black "Dutter, Frederic"]
[Result "1/2-1/2"]
[Annotator "TA"]
[WhiteElo "1637"]
[BlackElo "1900"]
[WhiteFideId "-1"]
[WhiteFideId "-1"]
[PlyCount "64"]
[GameId "2190353775820961"]
[EventDate "2025.??.??"]

{[%evp 19,64,60,100,30,110,68,71,69,100,-11,-13,-31,-37,-32,-35,-87,-91,-114,-16,-19,-14,-15,-16,-17,-19,-195,-195,-201,-208,-199,-202,-175,-69,-251,-246,-243,-255,-235,-167,-140,0,-8,-3,-9,-4,-13,-9]} 1. e4 {[%cal Be2e4,Be4e5][%mdl 32]} Nf6 {[%cal Bg8f6,Bf6d5,Bd5b6][%mdl 32]} 2. e5 Nd5 3. c4 Nb6 4. d4 d6 5. exd6 cxd6 6. Nf3 g6 7. Be2 Bg7 8. Be3 O-O 9. O-O Bg4 10. Nbd2 Nc6 (10... e5 $14) 11. h3 {B04: Alekhine's Defence: 4 Nf3.} ({White should play} 11. d5 $16) 11... Bf5 (11... Bxf3 $11 {keeps the balance.} 12. Nxf3 e6) 12. g4 $146 (12. d5 $16) (12. a3 d5 13. c5 Nc8 14. b4 a6 15. Nb3 b6 16. Rc1 bxc5 17. Nxc5 Qb6 18. Qb3 Rd8 19. Bxa6 Rxa6 {0-1 (67) Maione,M (1914)-Fiolo,C (1483) Salsomaggiore Terme 2019}) 12... Bc8 13. d5 {White is better.} Ne5 {[#]} 14. Bd4 (14. Nd4 $1 $16) 14... f5 $11 15. Nxe5 dxe5 16. Bc3 e6 17. dxe6 (17. Qb3 $1 $15) 17... Bxe6 $17 18. Nf3 Qxd1 (18... fxg4 19. Qxd8 Rfxd8 (19... Raxd8 20. Ng5 $19) 20. Ng5 Bxc4 21. Bxc4+ Nxc4 22. hxg4 $15) (18... Bxc4 19. Bxc4+ Nxc4 20. Qb3 $15) (18... e4 $17 19. Nd4 Bxd4 (19... Bxc4 20. Bxc4+ Nxc4 21. Ne6 $15) 20. Bxd4 Qh4) 19. Raxd1 $11 Bxc4 20. Bxc4+ Nxc4 21. b3 Nb6 22. g5 (22. Nxe5 $11 fxg4 23. hxg4) 22... Rfe8 $19 23. Rfe1 e4 {[%csl Oc3][%mdl 64] Discovered Attack} 24. Bxg7 Kxg7 ({Not} 24... exf3 25. Bd4 $11) 25. Nd4 a6 (25... Kf7 $19 26. a4 Red8) 26. Kg2 $2 {[#]} (26. f3 $15) 26... Kf7 $1 27. Ne2 Rad8 28. Nf4 Rxd1 29. Rxd1 Nc8 {Prevents Rd6} (29... Ke7 $17 {Hoping for ...Rd8.} 30. f3 Rc8 31. fxe4 Rc2+ (31... fxe4 32. Rd4 $16) 32. Kg3 fxe4 (32... Rxa2 33. exf5 gxf5 34. Re1+ Kf7 35. Re6 $14)) 30. Rd7+ {The position is equal.} Re7 31. Rd8 Re8 {Prevents Rxc8.} 32. Rd7+ Re7 {Weighted Error Value: White=0.51/Black=0.35} 1/2-1/2

[Event "2nd Silman TNM: 1600-1999"]
[Site "San Francisco"]
[Date "2025.06.17"]
[Round "7.17"]
[White "Babayan, Gagik"]
[Black "Yan, Rayna"]
[Result "0-1"]
[Annotator "Winslow,Elliott"]
[WhiteElo "1725"]
[BlackElo "1681"]
[WhiteFideId "-1"]
[WhiteFideId "-1"]
[PlyCount "136"]
[GameId "2190369999735943"]
[EventDate "2025.??.??"]

1. e4 c6 2. d4 d5 3. e5 c5 4. c3 Nc6 5. f4 cxd4 6. cxd4 Bf5 7. Nf3 e6 8. a3 Nge7 9. Nc3 Bg4 10. Be3 Nf5 11. Bf2 Bxf3 12. gxf3 Be7 13. Bh3 Nh4 14. O-O Ng6 15. Be3 Qc7 16. f5 Nf8 17. f4 O-O-O 18. Rc1 Kb8 19. b4 exf5 20. Bxf5 g6 21. Bh3 Ne6 22. Ne2 Qb6 23. Bxe6 fxe6 24. Nc3 Bf8 25. Qd3 Bh6 26. Na4 Qc7 {[#]} 27. Nc5 (27. b5 $1) 27... Qf7 28. Qb5 $2 (28. Bd2) (28. Kh1) 28... Ka8 $2 (28... Rc8 $1 $11) 29. Nxb7 $18 Qxb7 30. Qxc6 Qxc6 31. Rxc6 Rde8 32. Rfc1 (32. Kg2) (32. a4) 32... Re7 (32... Rhf8) 33. b5 (33. Bf2) 33... Kb7 34. a4 Rf8 35. Rf1 Rc8 36. Rxc8 Kxc8 37. Kg2 Rc7 {[#]} 38. Rc1 $2 (38. h4) (38. Kf3) 38... Rxc1 39. Bxc1 {[#]} Kc7 $4 (39... Bf8 $1 $11 40. h4 h5 (40... a6 41. bxa6 h5)) (39... a6 $1 40. bxa6 Bf8 $11) 40. Kf3 $4 (40. h4 $8 $18 Bf8 41. h5 $8) 40... Kb6 $11 (40... Bf8 $11) 41. Bd2 Bf8 42. Kg4 Be7 $8 43. Be1 {[#]} h6 $4 $18 (43... a6) (43... Kb7) (43... Kc7) (43... h5+ 44. Kh3 Kc7) 44. Kf3 $4 $11 (44. Bh4 $1 $18 {[%cal Gh4d8]}) 44... Bf8 $4 $18 (44... Kb7) (44... h5) (44... a6) (44... Kb7) (44... Bd8) 45. h3 $2 $11 (45. Kg4 $8 $18) 45... Be7 (45... h5) (45... a6) 46. Bd2 Bf8 47. Kg3 h5 $2 {[#]} (47... Be7) (47... Ba3) 48. Kf3 $2 $11 (48. f5 $3 exf5 (48... gxf5 49. Kh4 $18) 49. e6 $18 {The best of many winners}) 48... Ba3 49. Ke3 Bf8 50. Kd3 Ba3 51. Kc3 Be7 52. Kb3 Bf8 53. Bb4 Bh6 $8 54. Bc5+ Kb7 55. a5 Bxf4 {[#]} (55... a6 $11) 56. h4 $4 (56. a6+ $11) (56. Bf8 g5 57. Bh6 $11) 56... g5 $1 $19 (56... a6 $19) 57. hxg5 Bxg5 58. Bb4 Be3 59. a6+ Kb8 (59... Kb6) 60. Bd6+ Ka8 (60... Kc8) 61. Be7 Bxd4 62. Bf6 Bf2 63. Kb4 h4 64. Bg5 h3 65. Bf4 Bg1 66. Bg3 h2 67. Bxh2 Bxh2 68. Kc5 Bxe5 0-1